French Verbs #6 Dire (to say) - Statistics

General Stats
  • This quiz has been taken 37 times
  • The average score is 7 of 8
Answer Stats
Hint Answer % Correct
She says Elle dit
96%
He says Il dit
96%
I say Je dis
96%
You say (informal,singular) Tu dis
92%
We say Nous disons
88%
They say (f.) Elles disent
83%
They say (m.) Ils disent
83%
You say (formal,plural) Vous dites
79%
No matching quizzes found
Score Distribution
Percent of People with Each Score
Percentile by Number Answered
Your Score History
You have not taken this quiz